Music Quiz

Random Music or Rock Quiz

Bands Missing First Letter Match-Up Quiz Stats

Quiz Updated Apr 8, 2016

Challenge
Share
Tweet
Score 0/30 Timer 05:00
1 Play Today
% Correct
Ed
96.8%
Leetwood
96.7%
Mashing
96.6%
Ink
94.5%
Olling
94.5%
Ex
94.5%
Ef
93.4%
Uran
91.1%
Eep
87.8%
Efferson
87.2%
Hite
86.5%
Epeche
86.1%
Ire
84.6%
Alking
84.4%
Ranz
81.8%
% Correct
Heap
81.7%
Earl
80.1%
On
78.6%
Imple
75%
Reen
73.5%
Odest
70.4%
Cissor
69.9%
Onic
69.1%
Iolent
66.3%
Imply
64.4%
An
60.3%
Appy
57.3%
Tone
57%
Ee
55%
Oy
54.9%

You're not logged in!

Compare scores with friends on all Sporcle quizzes.
Join for Free
OR
Log In

You Might Also Like...

Show Comments

Extras

Top Quizzes Today


Score Distribution

Your Account Isn't Verified!

In order to create a playlist on Sporcle, you need to verify the email address you used during registration. Go to your Sporcle Settings to finish the process.

Report this User

Report this user for behavior that violates our Community Guidelines.

Details: